[Event "Berisso Manrique op 6th"]
[Site "Berisso"]
[Date "2019.08.18"]
[Round "5.9"]
[White "Farchich, Diego Francisco1"]
[Black "Tejedor, Julieta Veronica"]
[Result "0-1"]
[WhiteElo "1586"]
[BlackElo "1208"]
[PlyCount "128"]
[EventDate "2019.08.15"]
[EventType "swiss"]
[EventRounds "6"]
[EventCountry "ARG"]
[SourceTitle "EXT 2024"]
[Source "ChessBase"]
[SourceDate "2023.10.10"]
[SourceVersion "1"]
[SourceVersionDate "2023.10.10"]
[SourceQuality "1"]

1. d4 Nf6 2. Nf3 g6 3. e3 Bg7 4. Be2 0-0 5. Bd2 d6 6. Nc3 Nbd7 7. Bc4 e5 8. d5 Nc5 9. b4 Nce4 10. 0-0 c6 11. Nxe4 Nxe4 12. Be1 Ng5 13. Nxg5 Qxg5 14. e4 Bh3 15. Qf3 Qg4 16. Qg3 Qf4 17. f3 Qxg3 18. hxg3 Bd7 19. Bd2 Rac8 20. c3 cxd5 21. Bxd5 Bb5 22. Rfc1 b6 23. a4 Bc4 24. Bxc4 Rxc4 25. Kf2 f5 26. Ke3 Rd8 27. Kd3 Rc7 28. c4 fxe4+ 29. Kxe4 Kf7 30. Kd5 Ke7 31. Rh1 h5 32. g4 Rh8 33. gxh5 gxh5 34. Rae1 a5 35. f4 Kd7 36. g3 exf4 37. gxf4 h4 38. Rc1 h3 39. bxa5 bxa5 40. Be3 Rb7 41. Bd4 Bxd4 42. Kxd4 Ke6 43. Rh2 Rb4 44. Ra1 d5 45. Re1+ Kd6 46. Rc1 Rxa4 47. Rc3 Rb4 48. Rhxh3 Rxh3 49. Rxh3 Rxc4+ 50. Kd3 Rxf4 51. Rh6+ Kc5 52. Rh8 a4 53. Rc8+ Kb4 54. Rb8+ Ka3 55. Rb5 d4 56. Rb8 Ka2 57. Rb4 a3 58. Rb8 Ka1 59. Rb7 a2 60. Rb8 Rf1 61. Kxd4 Rb1 62. Ra8 Kb2 63. Kd3 a1Q 64. Rb8+ Kc1 0-1